| 000 | 00521nam a2200181 a 4500 | ||
|---|---|---|---|
| 001 | 3607 | ||
| 003 | CDMR | ||
| 005 | 20131016173602.0 | ||
| 008 | 130130s1968||||||||||||||||||||||||||||d | ||
| 040 |
_aCDMR _bcat _cCDMR |
||
| 100 | 1 |
_aSchulte, Henry F. _92573 |
|
| 245 | 1 | 4 |
_aThe Spanish press, 1470-1966 _b: print, power and politics |
| 260 |
_aUrbana _c1968 _bUniversity of Illinois Press |
||
| 300 | _a280 p. | ||
| 650 | 0 | 4 |
_93729 _aPremsa _xHistòria _zEspanya |
| 650 | 0 | 4 |
_94090 _aPremsa i política _zEspanya |
| 942 |
_cMON _2udc |
||
| 999 |
_c3607 _d3607 |
||